00889nam a2200265 a 4500001000900000005001700009008004100026041000800067044000700075050002100082100003400103245007800137260003800215300003100253440003600284500001100320500003900331505003100370650003200401700003400433902000800467942001100475999001700486952012000503BRL_153920190320211243.0240214s1976----mx-aob####---#000-0#eng-# aeng amx 4aF1435b.S63 19761 aSodi Morales, Demetrio92264510aThe maya worldcby Demetrio Sodi morales ; drawings by Alberto Beltrán. aMéxicobMinutiae Mexicanac1976 a144 p.bil., mapasc17 cm. 0aMinutiae Mexicana Series927209 aAu1708 aIncluye dedicatoria a Ruth Lechuga0 aBibliografía: p. 142-14414aMayasxAntigüedades995551 aBeltrán, Albertoeil.99572 aGRL 2lcccB c10348d10348 00104070aBRLbBRLd2014-02-24iAu1708l0oF1435 .S63 1976 (Au1708)pGRL01698r2019-03-22 00:00:00w2019-03-22yB